000 00620cam a2200241 4500
001 J1853
008 090401t1967 xxu||||| |||| 00| 0 eng d
035 _a(Sirsi) u45777
041 _aeng
050 _a692.5
245 _aSpon`s architects` and builders` price book 1967-68
250 _a93rd
260 _bE. & F.N. Spon
_c1967
300 _a552p
350 _a0
650 _aARCHITECTURE
650 _aBUILT ENVIRONMENT-BUILDING COSTS
650 _aBUILT ENVIRONMENT
690 _aBUILT ENVIRONMENT-BUILDING COSTS
700 _aDavis Langdon & Everest,
_xEditor
942 _n0
948 _c04/03/1997
999 _c91825
_d91825